Đà Nẵng xuân 1975 Hồi ký của nhiều tác giả

Tallennettuna:
Bibliografiset tiedot
Yhteisötekijä: Ban dân vận thành phố Đà Nẵng
Aineistotyyppi: Kirja
Kieli:Vietnamese
Julkaistu: Đà Nẵng Ban dân vận thành phố Đà Nẵng 2000
Tagit: Lisää tagi
Ei tageja, Lisää ensimmäinen tagi!
Thư viện lưu trữ: Mạng thư viện Đại học Đà Nẵng
LEADER 01020nam a22003018a 4500
001 000015199
003 11575
005 20120528090519.0
008 120523s2000 b 000 0 vieod
020 |d 1500b 
041 0 |a vie 
080 |a 301.5 
082 |a 959.7044  |b Đan 
084 |a Ô550.37  |b B300Q 
110 |a Ban dân vận thành phố Đà Nẵng 
245 1 0 |a Đà Nẵng xuân 1975  |b Hồi ký của nhiều tác giả 
260 |a Đà Nẵng  |b Ban dân vận thành phố Đà Nẵng  |c 2000 
300 |a 292 tr.  |c 21 cm  |e hình ảnh minh họa 
OWN |a LSP 
AVA |a UDN50  |b LSP  |d 959.7044 Đan  |e available  |t Error 5001 Not defined in file expand_doc_bib_avail.  |f 8  |g 0  |h N  |i 0  |k 1 
999 |a From the UDN01 
AVA |a UDN50  |b LSP  |d 959.7044 Đan  |e available  |t Error 5001 Not defined in file expand_doc_bib_avail.  |f 8  |g 0  |h N  |i 0  |k 1 
TYP |a Monograph 
TYP |a Printed language 
980 |a Mạng thư viện Đại học Đà Nẵng